000 00692nam a2200241Ia 4500
005 20260430150003.0
008 008 250103s9999 xx 000 0 eng d
037 _aTheses
040 _aCRL
040 _beng
040 _ceng
041 _2eng
041 _aeng
084 _qCRL
100 _aShivani Kumari Au.; Singh D.K. Gu.
_91236122
245 0 _aPotential application of isolated jeotgalicoccus sp. CR2 for the degradation of chloramphenicol and remediation of multiple heavy metals
260 _c2021
300 _a81p.
650 _aZoology
700 _aUniversity of Delhi. Faculty of Science. Department of Zoology
942 _cTH
999 _c1848664
_d1848664